Materská škola, Bratislava - interiér

Salvato in:
Dettagli Bibliografici
Autore principale: Cermanová, Katarína, 1984- (Autore)
Altri autori: Kránerová, Silvia, 1973- (Relatore della tesi)
Natura: Manoscritto Libro
Lingua:slovacco
Pubblicazione: Bratislava : STU v Bratislave FA, 2010
Soggetti:
Accesso online:VAIS
Tags: Aggiungi Tag
Nessun Tag, puoi essere il primo ad aggiungerne!!

MARC

LEADER 00000ntm a22000003a 4500
001 stu218118
005 20220224111748.2
008 101202s2010----xo------------------slo-d
040 |a STU  |b slo 
041 0 |a slo 
044 |a xo 
100 1 |a Cermanová, Katarína,  |d 1984-  |4 aut  |u A  |T FAD Fakulta architektúry  |X 15536  |U A  |Y 50  |7 A000015536 
242 0 0 |a Kindergarten, Bratislava - Interior  |y eng 
245 1 |a Materská škola, Bratislava - interiér 
260 |a Bratislava :  |b STU v Bratislave FA,  |c 2010 
650 7 |a dizajn  |2 stusub 
650 7 |a design  |2 estusub 
650 7 |a kindergarten  |2 estusub 
650 7 |a stromy  |2 stusub 
700 1 |a Kránerová, Silvia,  |d 1973-  |4 ths  |u A5150  |U FAD Fakulta architektúry  |T FA Ústav interiéru a výstavníctva  |X 60300  |U A5150  |Y 396  |7 A000060300 
856 4 |a info a plný text  |u http://is.stuba.sk/zp/portal_zp.pl?podrobnosti=73534  |u https://opac.crzp.sk/?fn=detailBiblioForm&sid=74DC020A23E61A164577EB04B91F  |3 VAIS